Responses for show #7639 - Thursday, November 23, 2017

Contestants

Jesse Parks, a performance manager from Houston, Texas

Liz Schultz, a retired project analyst from Manchester, New Jersey

Kiana Nakamura, a graduate student from Corona, California (whose 2-day cash winnings total $26,700)

Jeopardy! Round responses

REBEL WITHOUT A PULSE
LEFTIST PROPAGANDA
MOVIES BY OSCARS
"WEST" SIDE STORY
SHARKS & JETS
I LIKE TO BE IN NUMERICAL ORDER
    $200 5
Che Guevara

Kiana
    $200 11
port

Jesse
    $200 1
Good Will Hunting

Kiana
    $200 17
the West Indies

Jesse
    $200 20
supersonic transport

Jesse
    $200 3
Catherine and Anne Boleyn

Kiana
    $400 7
Spartacus

Kiana
    $400 12
southpaw

Liz
    $400 2
The King's Speech

Liz
    $400 18
West Virginia

Jesse
    $400 23
they can't stop moving

Kiana
    $400 27
president pro tem of the Senate

Triple Stumper
    $600 8
(Jesse: What is Richmond?)

New Orleans

LizJesse
    $600 13
gauche

Jesse
    $600 4
(Jesse: What is The Legend of Zorro?)

Chicago

LizJesse
    $600 19
the West End

Kiana
    $600 24
the Korean War

Liz
    $600 28
[The end-of-round signal sounds.]

Arizona and Alaska

Triple Stumper
    $800 9
Pancho Villa

Jesse
    $1,000 14
(Alex: Jesse?)
(Jesse: Dorsal?)

sinister

Jesse
    $800 6
Gravity

Triple Stumper
    $800 21
(Kiana: What is the Northwest Territory?)

the West Bank

Kiana
Triple Stumper
    $800 25
(Jesse: What are vertebrae?)
...
(Alex: Less than a minute now.)

gills

Jesse
Triple Stumper
    $1000 10
Tyler

Triple Stumper
    $1000 15
in the lurch

Jesse
    $1000 16
An Officer and a Gentleman

Liz
    $1000 22
West Lafayette

Jesse
    $1000 26
de Havilland

Triple Stumper

Scores at the first commercial break (after clue 14):

Kiana Liz Jesse
$1,000 $2,000 -$600

Scores at the end of the Jeopardy! Round:

Kiana Liz Jesse
$1,200 $3,600 $1,400

Double Jeopardy! Round responses

LINE CRAFT
AFRICAN LITERATURE
COME UP TO THE LAB
POLITICAL QUOTES
FOR A SONG
"ICE" PACK
    $400 6
Alexander Calder

Triple Stumper
    $400 21
South Africa

Triple Stumper
    $400 23
blood

Kiana
    $400 7
Churchill

Liz
    $400 1
Adele

Jesse
    $400 8
a sacrifice

Jesse
    $800 12
perspective

Kiana
    $800 22
a hare

Triple Stumper
    $800 24
(Alex: We have less than a minute to go now.)

a culture

Triple Stumper
    $800 10
James Comey

Triple Stumper
    $800 2
"Stairway To Heaven"

Kiana
    $800 9
priceless

Jesse
    $1200 13
Piet Mondrian

Triple Stumper
    $1200 28
[The end-of-round signal sounds.]

Cairo

Jesse
    $1200 25
a CRISPR

Triple Stumper
    $1200 11
Thomas Jefferson

Kiana
    $1200 3
(Liz: What is "Dock Of The Bay"?)

"Oh, Pretty Woman"

Liz
Triple Stumper
    $1200 16
Fanny Brice

Liz
    $1,100 14
(Kiana: What is a parrot?)

a dove

Kiana
    $1600 26
Oak Ridge

Liz
    $2,000 19
(Jesse: Boy, I'm going to be in real trouble for this one. I don't remember her name. I am sorry.)

Geraldine Ferraro

Jesse
    $1600 4
"The Shape Of You"

Kiana
    $1600 17
the bicep

Jesse
    $2000 15
Paul Klee

Triple Stumper
    $2000 27
Avogadro's number

Kiana
    $2000 20
(Liz: What is patriotism?)

extremism

Liz
Triple Stumper
    $2000 5
"Champagne Supernova"

Jesse
    $2000 18
to entice

Jesse

Scores at the end of the Double Jeopardy! Round:

Kiana Liz Jesse
$6,900 $3,600 $7,800

[wagering suggestions for these scores]

Final Jeopardy! Round responses

TURKEY WITH THE TRIMMINGS
(Alex: This is a category about geography, okay? That's the Turkey we're referring to.)
LizWhat are Greece & Iraq
$2,401
KianaWhat are Greece and Iran?
$3,000
JesseWhat Iran + Greece
$3,200
Iran and Greece

Final scores:

Kiana Liz Jesse
$9,900 $1,199 $11,000
2nd place: $2,000 3rd place: $1,000 New champion: $11,000

Game dynamics:

Coryat scores:

Kiana Liz Jesse
$8,000 $3,600 $10,800
12 R,
2 W
(including 1 DD)
9 R,
2 W
15 R,
5 W
(including 2 DDs)

Combined Coryat: $22,400

The J! Archive is created by fans, for fans. The Jeopardy! game show and all elements thereof, including but not limited to copyright and trademark thereto, are the property of Jeopardy Productions, Inc. and are protected under law. This website is not affiliated with, sponsored by, or operated by Jeopardy Productions, Inc. Join the discussion at JBoard.tv.